| 000 | 00870nam0a22002411 4500 | ||
|---|---|---|---|
| 001 | rc\4687757 | ||
| 005 | 20250612004302.0 | ||
| 021 |
_aRU _bРг11233-67 |
||
| 035 | _a(NLR Aleph) 008427710 | ||
| 090 |
_a9397376 _c9397376 |
||
| 100 | _a20130416d1967 |||y0rusy50 ca | ||
| 101 | 0 | _arus | |
| 102 | _aRU | ||
| 105 | _aa z ||||| | ||
| 200 | 1 |
_aПоэзия природы в детской книге _e[Альбом репродукций художников В. Ватагина, Н. Чарушина. Л. Бруни, Г. Никольского _fВступ. статья И. Бруни |
|
| 210 |
_aМосква] _cСов. художник _d[1967] |
||
| 215 |
_a[25] с., включ. обл. _cил. _d17 |
||
| 702 | 1 |
_aБруни _bИ. _4080 |
|
| 801 | 0 |
_aRU _bNLR _gpsbo |
|
| 801 | 1 |
_aRU _bELAR _2rusmarc |
|
| 852 |
_aNLR _jЭ АлИс570/1-28 |
||
| 942 | _cBOOK | ||
| 980 | _aNB | ||